[Event "Copenhagen Open-03 (Politiken Cup-02)"]
[Site "Copenhagen"]
[Date "1981.06.22"]
[Round "3"]
[White "Ravikumar, Vaidyanathan"]
[Black "Petursson, Margeir"]
[Result "1-0"]
[WhiteElo "2325"]
[BlackElo "2445"]
[Annotator "Ftacnik,L"]
[PlyCount "79"]
[EventDate "1981.06.20"]
[EventType "swiss"]
[EventRounds "10"]
[EventCountry "DEN"]
[SourceTitle "EXT 2000"]
[Source "ChessBase"]
[SourceDate "1999.11.16"]
[SourceVersion "1"]
[SourceVersionDate "1999.11.16"]
[SourceQuality "1"]

1. e4 c5 2. Nc3 Nc6 3. g3 g6 4. Bg2 Bg7 5. d3 e6 6. Nge2 Nge7 7. h4 h5 8. Bg5
Rb8 9. a4 a6 10. O-O b5 11. axb5 axb5 12. Qd2 d6 13. Nd1 Qb6 14. c3 Bb7 $6 (
14... Ne5 $1) 15. Be3 O-O 16. Bh6 d5 17. Bxg7 Kxg7 18. Qg5 dxe4 19. Nf4 Rh8 20.
dxe4 (20. g4 $6 hxg4 21. Ne3 f6 $1 22. Qxc5 Qxc5 23. Nxe6+ Kf7 24. Nxc5 exd3
25. Nxg4 Rxh4) 20... Ng8 21. Bf3 Nce7 22. Qe5+ Nf6 23. Ne3 Rbc8 24. Rfd1 Qc7
25. Rd6 Rhd8 26. Rxe6 (26. Rad1 $1 Rxd6 27. Rxd6 Nc6 28. Nxe6+ fxe6 29. Qxe6)
26... Qxe5 27. Rxe5 Kf8 28. b4 Nd7 29. Rg5 Nf6 30. Ned5 Bxd5 31. exd5 Nf5 32.
Ra7 cxb4 33. cxb4 Rc4 34. Ra6 Nh7 (34... Nxh4 35. Be2) 35. Rxf5 gxf5 36. Bxh5
Kg7 37. Ra7 Kh6 38. Bxf7 Nf6 39. Be6 Rc1+ 40. Kg2 1-0

[Event "St Stefan/Belgrade m"]
[Site "Belgrade"]
[Date "1992.??.??"]
[Round "20"]
[White "Spassky, Boris Vasilievich"]
[Black "Fischer, Robert James"]
[Result "1-0"]
[WhiteElo "2560"]
[BlackElo "2785"]
[Annotator "Ftacnik,L"]
[PlyCount "85"]
[EventDate "1992.09.??"]
[EventType "match"]
[EventRounds "30"]
[EventCountry "YUG"]
[SourceTitle "CBM 031"]
[Source "ChessBase"]
[SourceDate "1992.12.01"]
[SourceVersion "1"]
[SourceVersionDate "1992.12.01"]
[SourceQuality "1"]

1. e4 c5 2. Ne2 Nf6 3. Nbc3 e6 (3... d5 4. exd5 Nxd5 5. Nxd5 Qxd5 6. Nc3 Qe5+
7. Be2 Bg4 8. O-O (8. f3 Bf5 9. O-O Nc6 10. Bb5 Rc8 11. d3 Qd4+ 12. Kh1 a6 13.
Bxc6+ Rxc6 14. Ne2 Qd7 15. b3 e6 16. Bb2 f6 $10 {Dzindzichashvili,R-Browne,W/
Chicago/1982/}) 8... Bxe2 9. Nxe2 Nc6 10. Re1 Rd8 11. d3 Qc7 $13 {Karpov,
A-Quinteros/Mar del Plata/1982/}) 4. g3 Nc6 5. Bg2 Be7 6. O-O d6 7. d3 (7. d4
cxd4 8. Nxd4) 7... a6 8. a3 Qc7 9. f4 b5 10. Kh1 O-O 11. Be3 Bb7 12. Bg1 Rab8
13. h3 Ba8 14. g4 b4 $6 15. axb4 cxb4 16. Na4 Nd7 17. Qd2 Rfc8 18. b3 a5 19. g5
Bf8 20. Ra2 $1 Ne7 $6 21. Nd4 $1 g6 22. Nb2 $1 Bg7 $2 (22... e5 23. fxe5 dxe5
$6 (23... Nxe5 $1 $14) 24. Qf2 exd4 25. Qxf7+ Kh8 26. Bxd4+ Ne5 27. Nc4 Bg7 28.
Qxg7+ Kxg7 29. Bxe5+ Qxe5 30. Nxe5 $18) 23. Nc4 d5 (23... e5 24. f5 $1 exd4 25.
f6 Nc6 26. fxg7 Kxg7 27. Qf4 Nde5 28. Qf6+ $16) 24. Nxa5 dxe4 25. dxe4 e5 26.
Ne2 exf4 27. Nxf4 Ne5 (27... Rb5 28. Nc4 Rxg5 29. Ra7 Bb7 30. Qxb4 $18) 28. Nd3
Rb5 $6 29. Nxe5 Qxe5 $6 (29... Bxe5 30. Nc4 Bc3 31. Qf2 Rf8 32. Rxa8 $1 Rxa8
33. Qxf7+ Kh8 34. e5 Rg8 (34... Rab8 35. Qf6+ Kg8 36. Qe6+ Kh8 37. Rf7 $18) 35.
Nd6 Rbb8 (35... Rxe5 36. Qf6+ Rg7 37. Qxg7+ Kxg7 38. Ne8+ $18) 36. Qf6+ Rg7 37.
Nf7+ Kg8 38. Bd5 $1 Qd7 (38... Nxd5 39. Nh6+ Kh8 40. Qf8+ Rg8 41. Nf7+ Qxf7 42.
Qxf7 Rgd8 43. e6 Re8 44. e7 $1 Nxe7 45. Re1 $1) 39. Be6 Qc7 40. Bc4 Qb7+ 41.
Kh2 Qc7 42. Nd8+ Kh8 43. Qxg7+ Kxg7 44. Rf7+ Kh8 45. Rf8+ Kg7 46. Ne6#) 30. Nc4
Qxg5 31. Be3 $1 Qh4 32. Nd6 Bc3 (32... Rd8 33. Rxa8 (33. Nxb5 Rxd2 34. Rxa8+
Bf8 35. Bxd2 $18) 33... Rxa8 34. Nxb5 $18) 33. Qf2 Qxf2 34. Rxf2 Rbb8 35. Nxc8
Rxc8 36. Ra7 Kf8 37. Bh6+ $1 (37. Bg5 Bd4 38. Bxe7+ Ke8 $13) 37... Ke8 38. Bg5
f6 39. Bxf6 Bxf6 40. Rxf6 Bc6 41. Kg1 Bd7 42. Rd6 Bc6 43. Bf1 1-0

[Event "Leipzig SGL-16"]
[Site "Leipzig"]
[Date "1977.11.07"]
[Round "9"]
[White "Casper, Thomas"]
[Black "Knaak, Rainer"]
[Result "1-0"]
[WhiteElo "2315"]
[BlackElo "2500"]
[Annotator "Fuchs,R"]
[PlyCount "89"]
[EventDate "1977.10.29"]
[EventType "tourn"]
[EventRounds "11"]
[EventCountry "DDR"]
[EventCategory "6"]
[SourceTitle "EXT 2004"]
[Source "ChessBase"]
[SourceDate "2003.11.25"]
[SourceVersion "1"]
[SourceVersionDate "2003.11.25"]
[SourceQuality "1"]

{SCHACH 1/1978 Seite 6} 1. e4 c5 2. Nc3 e6 3. g3 Nc6 4. Bg2 g6 5. d3 Bg7 6. h4
$5 Nge7 7. h5 O-O 8. Be3 {Ermuntert den Gegner zu der schlagfertigen Antwort,
so dass es bald zum Endspiel kommt.} ({Mit} 8. Bd2 {und evtl. 9. Dc1 konnte
Weiß diesem Geschehen ausweichen.}) 8... d5 $1 9. Bxc5 $1 {Noch am besten! Den
vorübergehend geopferten Bauern erobert Schwarz in jedem Fall bald zurück und
befreit dabei sein Spiel.} d4 10. Nce2 $1 {Nach 12minütigem Überlegen trifft
Weiß das Genaueste.} ({Dagegen würde} 10. Bxe7 Qxe7 11. Nce2 Qb4+ {zur Folge
haben.}) 10... Qa5+ 11. b4 Nxb4 12. Bxe7 Nc6+ 13. Qd2 Qxd2+ 14. Kxd2 Nxe7 15.
f4 e5 16. hxg6 fxg6 $2 {Ein unscheinbarer, aber folgenschwerer Mißgriff.} ({
Es musste} 16... hxg6 {erfolgen, weil dann später immer mit f7-f6 der Punkt e5
gestützt werden kann.}) 17. Rb1 Rb8 $2 {Stellt sich später als Tempoverlust
heraus,} ({der mit sofort} 17... b6 {vermieden werden konnte.}) 18. Bh3 $1 Bxh3
19. Nxh3 h6 20. fxe5 $1 Bxe5 21. Nhf4 h5 22. Rb5 Bg7 23. Ne6 {[#]Danach ist
der vorgerückte schwarze Bauer d4 nicht mehr zu verteidigen. Nach seinem Fall
geht es für Weiß nur noch darum, seine große Übermacht im Zentrum in Bewegung
zu setzen und damit den Tag für sich zu entscheiden.} Rf3 ({Wenn jetzt} 23...
Rf2 24. Ke1 $1) 24. Nxg7 Kxg7 25. g4 hxg4 26. Nxd4 Rf2+ 27. Ke3 Rg2 28. Rbb1 $1
{Hält eineseits den feindlichen Tb8 auf seinem Platz fest und bereitet
außerdem den Abtausch des ungleich aktiveren Tg2 vor. Danach ist der weiße
Gewinnplan leichter zu verwirklichen.} Rg3+ 29. Kf4 Rg2 30. Rbg1 Rxg1 31. Rxg1
Nc6 $6 {In dem daraus resultierenden Turmendspiel gewinnt Weiß besonders
schnell, weil sein König nach d6 in eine herrschende Stellung vordringt, doch
sollte auch bei anderen Zügen der weiße Vorteil zum Siege ausreichen.} 32. Nxc6
bxc6 33. Ke5 Rb2 34. Rg2 g3 35. Kd6 Rxa2 36. e5 Rb2 37. Rxg3 a5 38. e6 Rb8 39.
e7 Ra8 40. d4 Kf7 41. c4 a4 42. c5 g5 43. Rxg5 a3 44. Rf5+ Kg7 45. Rf2 (45. Rf2
{Wenn} a2 46. Rxa2 {Casper hat die ihm gebotenen Chancen geschickt
wahrgenommen.}) 1-0

[Event "ISR-chT"]
[Site "Israel"]
[Date "2004.01.24"]
[Round "4"]
[White "Deutsch, Eyal"]
[Black "Golod, Vitali"]
[Result "1/2-1/2"]
[WhiteElo "2329"]
[BlackElo "2544"]
[Annotator "Golod,V"]
[PlyCount "96"]
[EventDate "2004.01.03"]
[EventType "team"]
[EventRounds "11"]
[EventCountry "ISR"]
[SourceTitle "CBM 099"]
[Source "ChessBase"]
[SourceDate "2004.03.30"]
[SourceVersion "1"]
[SourceVersionDate "2004.03.30"]
[SourceQuality "1"]

1. e4 c5 2. Nc3 e6 3. g3 d5 {After this move it's rather difficult to receive
a complex game.} 4. exd5 exd5 5. Bg2 Nf6 6. d3 ({In the last ten years is less
popular:} 6. Nge2 {You can see comments to Gonzalez,B-Psakhis,L/Linares,2001/
CBM 81(0-1)(Psakhis,L)(50)}) 6... Be7 ({Is a possible continuation of the play:
} 6... d4 $5 7. Ne4 Nxe4 8. dxe4 Be7 $11 {You can see annotations to Donev,
I-Felsberger,A/Austria,1995/CBM 50(1-0)(Donev,I)(53)}) 7. Nge2 ({Also
repeatedly were checked up in previous games:} 7. Bg5 $5 {[%csl Rd5,Yf6][%cal
Gg5f6,Yf6d5]}) 7... O-O ({Again it deserves attention:} 7... d4 {You can see
comments to game: Stripunsky,A-Gurevich,D/Seattle,2003/CBM 93(1/2-1/2)(Bangiev,
A)(44)}) 8. O-O Nc6 9. Bg5 {[%csl Rd5,Yf6][%cal Yf6d5,Gg5f6]} d4 {At last,I
have decided on this move.} (9... Re8 $5 {This move is directed against:} 10.
Bxf6 {which now considerably loses in force.You can see annotations to game:
Lopez,M-De Winter,W/Mexico,1994/EXT 2000(0-1)(37)}) 10. Bxf6 {It's the most
logical reaction to the previous move of Black.} Bxf6 11. Nd5 {All these moves
my contender has made very quickly.} ({On:} 11. Ne4 $5 Be7 12. Nf4 {you can
find twenty eight games in Mega DataBase 2004.}) 11... Re8 ({In this position
also were checked the following moves:} 11... Be5 $5 {; 11...Rb8!?; 11...Bg4;
11...Qd6 and 11...Be6.}) 12. Nxf6+ $146 ({The games,which have reached this
position were continued as follows:} 12. Nef4 Be5 13. c4 (13. Re1 Qd6 14. Qf3
Bd7 $11 {1/2-1/2 Hort,V-Bobotsov,M/Palma de Mallorca,1969(14)}) 13... Qd6 14.
Re1 Bd7 15. a3 $11 {Biehler,T-Mandel,A/Germany,1989/GER-chT2 (1-0)(36)}) 12...
Qxf6 13. Nf4 {It is rather difficult to continue a game without this move.} Bd7
$11 14. Qd2 Qd6 {I want to improve a location of the my queen and only then to
decide what to do further.} 15. Rfe1 {<->e} b6 16. a3 {[%csl Ya3][%cal Ya3b4]}
h6 {I wanted to make a useful move and then to hope for positional mistakes of
my contender.} 17. h4 $6 {[%csl Rg4] After this inaccurate move White will
have to fight for equality.} ({Leads to quieter game:} 17. b4 $5 Rxe1+ (17...
g5 $5 {Deutsch,E} 18. Nd5 $140 Kg7 {[%csl Rd5]}) 18. Rxe1 Re8 19. Rxe8+ Bxe8
20. b5 Nb8 21. a4 a6 22. Qe1 $1 (22. bxa6 $143 Nxa6 23. a5 bxa5 24. Qxa5 Nb4
$15 {[%csl Rc2]}) 22... Bd7 $140 23. bxa6 Nxa6 24. a5 $11) 17... Rac8 {[%csl
Ra8,Rb7,Rc6,Rd5,Re4,Rf3][%cal Ya8c8] It's necessary to leave from a /^a8-h1.}
18. Rxe8+ Rxe8 19. Re1 Ne5 $1 {I want to keep one pair of rooks.} 20. Kf1 Bc6
$15 {/^a8-h1; ><f3} 21. Qd1 $1 {[%csl Yd1][%cal Yd1f3]} g6 ({Senselessly:} 
21... g5 {in view of:} 22. hxg5 hxg5 23. Bxc6 (23. Qh5 $5) 23... Qxc6 {[%csl
Rf1][%cal Gc6h1]} 24. Qh5 {[%csl Re5,Yh5][%cal Yh5h1,Gh5e5]} gxf4 25. Rxe5 Rxe5
26. Qxe5 Qh1+ 27. Ke2 f3+ 28. Kd2 Qh6+ $11) ({It was a little better:} 21...
Re7 22. Bxc6 (22. Qh5 $6 g6 $1 $36 23. Qxh6 $140 $2 Ng4 24. Qg5 Bxg2+ 25. Kxg2
$8 Rxe1 26. Qxg4 Qc6+ 27. f3 $8 Rc1 $19 {[%csl Rc2]}) 22... Qxc6 23. Ng2 $15)
22. Bxc6 Qxc6 23. Ng2 {Too passively,but reliably.} h5 $5 ({Can be recommended:
} 23... Re6 $5) 24. Re4 $140 Ng4 25. Rxe8+ {This move is much better,than:} (
25. Qe2 $6 Rxe4 26. dxe4 (26. Qxe4 $143 Qb5 {[%csl Rb2]} 27. b3 $140 Qa5 {
[%csl Ra3][%cal Ga5d2,Ga5a3]}) 26... c4 $15) 25... Qxe8 26. Qe2 Qc6 ({Can it
was necessary to decide on the more active continuation:} 26... Nh2+ $5 27. Ke1
Qb5 $1 (27... Qc6 $143 28. Qe4 Qb5 29. b3 Qa5+ 30. Ke2 Qxa3 31. Qe8+ $11) 28.
f3 {[%csl Rh2]} Qxb2 29. Kf2 {[%csl Rh2] /\Ne1,Kg2 =/=/+}) 27. Kg1 Kg7 $6 {
It not an absolutely successful place for the my king.} (27... a5 $142 {
[%csl Ra3,Ya5,Rb2][%cal Ya5a4] with blockade PP of the queen side.}) 28. Nf4 a5
{[%csl Rb2][%cal Ga5a4]} 29. Qe7 a4 ({Unexpectedly at once loses a game:} 29...
Qf3 $4 30. Ne6+ {[%csl Rf3,Rg7][%cal Ge7f8,Ge6g5]}) 30. Qg5 Kh7 31. Qe7 Kg7 {
Sometimes it is desirable to repeat the moves.} (31... Nh6 $6 32. Nh3 $11 {
[%cal Gh3g5]}) 32. Qg5 Qf3 $5 {[%csl Rc2,Rg1][%cal Gf3f2,Gf3d1] It's sole
chance to continue a struggle for advantage.} (32... Nf6 $6 33. Qe5 $11 {
[%csl Ge5,Rf6,Rg7]}) 33. Nxh5+ Kh8 $8 (33... Kg8 $4 {is refuted by:} 34. Qxg4 {
[%csl Rg8][%cal Gh5f6,Gf6g4,Gf6g8]}) (33... Kf8 $4 34. Qd8#) 34. Qf4 (34. Qd8+
$4 Kh7 {[%csl Rg1,Rh5][%cal Gf3f2,Gg6h5]}) 34... Qd1+ 35. Kg2 gxh5 36. Qxf7 {
[%mdl 1024]} Qe2 37. Qxh5+ {White had a uneasy choice,but he found the best
continuation.} (37. Qf8+ $6 Kh7 38. Qf7+ Kh6 39. Qf4+ (39. Qf8+ $143 Kg6 40.
Qg8+ Kf5 $17 {[%csl Yg4][%cal Yg4f6]}) 39... Kg7 40. Qc7+ (40. Qg5+ Kf8) 40...
Kg8 41. Qc8+ {[%csl Rb6]} Kf7 42. Qb7+ Qe7 43. Qxb6 Kg7 $15) 37... Kg7 38. Qg5+
Kf7 39. Qd5+ (39. Qf5+ $143 Nf6 $15 {[%csl Rc2]}) 39... Qe6 ({I do not think
that it was much better:} 39... Ke7 40. Qb7+ {[%csl Rb6]} Ke8 41. Qa8+ Ke7 (
41... Kf7 $2 42. Qf3+ $1 Qxf3+ 43. Kxf3 $14 {[%csl Gf2,Gg3,Gh4]}) 42. Qb7+ $11
{[%csl Rb6][%cal Gb7f3,Gb7b6]}) 40. Qh5+ $1 {[%csl Yf7,Gh4] White correctly
want to remove my K from the king side,then "Ph4" will be especially dangerous.
} Ke7 41. Qg5+ Kd7 42. h5 $1 Qe2 ({Pretty dubiously:} 42... Qc6+ {because of:}
43. f3 Ne3+ 44. Kf2 {[%csl Yg5,Gh5][%cal Gh5h6,Yg5g7]}) 43. Qf5+ Ke7 44. Qg5+
$1 {Eyal rather strongly plays in the second part of a game!} (44. Kg1 $6 Nf6 {
[%csl Rc2]}) (44. Qe4+ $2 Qxe4+ 45. dxe4 c4 $17 {[%csl Gc4,Gd4,Yg4]}) 44... Kf8
45. Qf5+ Kg8 46. Qg6+ Kf8 $138 ({Also drawn game is inevitable,after:} 46...
Kh8 47. h6 Ne3+ 48. Kh3 Qf1+ 49. Kh4 Qh1+ 50. Kg5 Qd5+ 51. Kh4 (51. Kf4 $6 Ng2+
52. Kg4 Qg8 $1 {[%csl Rc2][%cal Gg2e1]}) 51... Qh1+ 52. Kg5 Qd5+ $11) 47. Qf5+
Kg7 48. Qg6+ Kf8 1/2-1/2

[Event "EU-ch 12th"]
[Site "Aix les Bains"]
[Date "2011.03.22"]
[Round "1"]
[White "Bartel, Mateusz"]
[Black "Tate, Alan"]
[Result "1-0"]
[WhiteElo "2638"]
[BlackElo "2300"]
[Annotator "Marchand,A/Primel,D"]
[PlyCount "49"]
[EventDate "2011.03.22"]
[EventType "swiss"]
[EventRounds "11"]
[EventCountry "FRA"]
[SourceTitle "CBM 142 Extra"]
[Source "ChessBase"]
[SourceDate "2011.06.27"]
[SourceVersion "1"]
[SourceVersionDate "2011.06.27"]
[SourceQuality "1"]
[TimeControl "40/5400+30:1800+30"]

1. e4 c5 2. Nc3 d6 3. Nge2 Nf6 4. g3 Nc6 5. Bg2 g6 6. O-O Bg7 7. a3 {[%cal
Ga1b1,Gb2b4] Une ligne secondaire souvent jouée par Murrey} (7. d3 {La grande
ligne} O-O 8. h3) 7... O-O 8. Rb1 Rb8 (8... a5) (8... e5) 9. b4 Nd7 10. d3 b6
11. Bg5 $146 ({RR} 11. Nd5 e6 12. Ne3 Nd4 13. Bb2 Bb7 14. Nf4 b5 15. c3 Nc6 16.
a4 a6 17. axb5 axb5 18. d4 Nb6 19. Ba1 Ra8 20. bxc5 dxc5 21. dxc5 Nd7 22. c4 {
1/2-1/2 Van der Wiel,J (2509)-Naiditsch,A (2557)/Essen 2002/CBM 090}) 11... Bb7
12. Qd2 Nd4 {Thématique dans la silicienne fermée mais peut-être pas très
précis dans cette position.} 13. Nxd4 cxd4 14. Nb5 Bc6 $6 (14... Ba6 $142 15.
Nxa7 Ne5 {[%csl Ra7,Gc6][%cal Gd8c7]} 16. f4 Ra8 17. b5 Bb7 18. fxe5 Rxa7 $132)
15. Nxa7 Ba4 16. b5 Ne5 17. Rb4 Ra8 18. Rxa4 Qc7 19. f4 Ng4 20. Bxe7 Qxe7 21.
Nc6 Qc7 22. Rxa8 Rxa8 23. Ra1 Re8 24. Bf3 Ne3 25. c3 1-0

[Event "London Agency"]
[Site "London"]
[Date "1998.06.18"]
[Round "4"]
[White "Wells, Peter K"]
[Black "Gormally, Daniel"]
[Result "0-1"]
[WhiteElo "2530"]
[BlackElo "2415"]
[Annotator "McShane,L"]
[PlyCount "62"]
[EventDate "1998.06.15"]
[EventType "tourn"]
[EventRounds "9"]
[EventCountry "ENG"]
[EventCategory "9"]
[SourceTitle "CBM 066"]
[Source "ChessBase"]
[SourceDate "1998.09.30"]
[SourceVersion "1"]
[SourceVersionDate "1998.09.30"]
[SourceQuality "1"]

1. e4 {Bangiev} c5 2. Nc3 d6 3. f4 a6 4. Nf3 Nc6 5. g3 e6 6. Bg2 Nf6 7. O-O Be7
8. d3 O-O 9. h3 {Bangiev: Damit beabsichtigt der Weiße mittels g3-g4-g5 usw.
einen Königsangriff auf die kurze Rochade. Dieser Plan ist schon gut bekannt.
Hier einige Beispiele aus der Praxis:} d5 (9... Qc7 {Bangiev} 10. g4 Bd7 11.
Ne2 c4 12. Ng3 cxd3 13. cxd3 Ne8 14. Be3 f5 15. Rc1 Qa5 16. gxf5 Qxa2 17. fxe6
Qxe6 18. f5 Qf7 19. d4 Kh8 20. e5 Bxf5 21. d5 Nb4 22. Nd4 g6 23. e6 Qg7 24.
Ndxf5 gxf5 25. Nxf5 Rxf5 26. Rxf5 Bf6 27. Qf1 {1-0 Brechlin,O-Jahn,S/
Sachsen-ch Gruenheide 1996}) (9... Bd7 {Bangiev} 10. Kh2 b5 11. g4 Qc7 12. g5
Nh5 13. Nh4 g6 14. Bf3 Ng7 15. Ng2 Nd4 16. Rg1 Nxf3+ 17. Qxf3 Bc6 18. Be3 f6
19. gxf6 Bxf6 20. Ne2 Nh5 21. Qg4 Ng7 22. c3 Kh8 23. Bd2 Bd7 {1/2-1/2
Mazariego,C-Baez,S/ Thessaloniki olw 1984}) (9... Rb8 {Bangiev} 10. g4 h6 11.
g5 hxg5 12. Nxg5 g6 13. Ne2 Nh7 14. Nxh7 Kxh7 15. f5 exf5 16. exf5 Bxf5 17.
Rxf5 gxf5 18. Ng3 Rh8 19. Nxf5 Ne5 20. Bf4 Ng6 21. Qg4 Kg8 22. Bd5 Bf8 23.
Qxg6+ {1-0 Freter,A-Schuler,D/ Schleswig/Holstein-Saarland 1994}) 10. g4 dxe4
11. dxe4 b5 12. e5 Nd7 13. Ne4 Nb6 14. Qe2 Qc7 15. g5 {Wells chooses a very
aggressive plan, based on the idea of putting a knight on f6, which will
probably be taken, whereupon White will have a very strong pawn wedge on f6
with which to attack the black king. However, this is double-edged - if Black
can become active in the centre then this will turn out to be another weakness.
} Nd5 16. c3 Bb7 17. Nh2 Rfd8 18. Ng4 Bf8 19. Ngf6+ Kh8 (19... Nxf6 20. gxf6 g6
{is forced.}) (19... gxf6 $2 {Bangiev} 20. gxf6 c4 21. Qh5 $40 Rd7 22. Ng5 h6
23. Be4 Rad8 24. Nh7 Nb8 25. Nxf8 Qc5+ 26. Kh2 Kxf8 (26... Qxf8 27. Rg1+ Kh8
28. Rg7 $18) 27. Rg1 $18) 20. Qh5 (20. Nxh7 Kxh7 21. g6+ Kg8 22. Ng5 fxg6 23.
Qg4 {wins.}) 20... Nxf6 21. gxf6 (21. Nxf6 $2 {Bangiev} gxf6 22. gxf6 Na5 $1 (
22... Rd7 23. Be4 h6 24. f5 $1 Qxe5 25. Bxh6 $18) 23. Rf2 Rd7 24. Bxb7 Qxb7 25.
Rg2 Qe4 $19) 21... g6 22. Qh4 Rd3 23. Ng5 (23. f5 $5 exf5 24. Ng5 h5 25. Bf4 {
seems a dangerous way to try and stir up some trouble.}) 23... h6 24. Be4 Rad8
{Black, under serious pressure, tries to return some material, in the hope
that if White loses his light squared bishop, White's king will be in danger.}
25. Nf3 {/\f5} (25. Bxd3 Rxd3 26. Nf3 Nd4 27. cxd4 Bxf3 {is far from clear,
though White probably has the advantage.}) 25... h5 26. Ng5 {/\27.Ne6} Kg8 {
I imagine there was a time scramble around here, certainly things become
rather random.} ({z.B.} 26... Na5 {Bangiev} 27. Nxe6 fxe6 28. Bxg6) 27. Nxe6 (
27. Bxd3 Rxd3 {Is safer. With accurate play White should be able to parry
Black's threats along the long diagonal.} 28. Re1 {Bangiev} Na5 29. Ne4 (29. f5
Qc6 $1) 29... Nc4 $132) 27... fxe6 28. Bxg6 {Nevertheless, this also ought to
be good for white. Nevertheless, this also ought to be good for white.} Nxe5 {
Black 'plays at confusions'.} 29. fxe5 Qxe5 30. Bxd3 $2 (30. f7+ Kg7 $1 31. Bf4
(31. Bxd3 {Bangiev} Rxd3 32. Rf4 c4 $19) 31... Qd5) 30... Rxd3 31. Bf4 (31. Rf4
{Bangiev} Qe2 $19) 31... Qd5 {and Black wins. and Black wins.} (31... Qd5 32.
Qg5+ (32. Kf2 Qg2+ 33. Ke1 Qe4+ 34. Kf2 Rd2+ $19) 32... Qxg5+ 33. Bxg5 Rg3+ $19
) 0-1